Country Flags But Nordic - Statistics

General Stats
  • This quiz has been taken 56,314 times
  • The average score is 14 of 16
Answer Stats
Picture Hint Answer % Correct
Argentina
98%
Australia
98%
Brazil
98%
India
98%
South Korea
98%
China
97%
Mexico
97%
South Africa
97%
Portugal
94%
Pakistan
92%
North Korea
91%
Japan
88%
Mongolia
82%
actual proposed flag! Estonia
77%
Ethiopia
77%
Nepal
68%
No matching quizzes found
Score Distribution
Percent of People with Each Score
Percentile by Number Answered
Your Score History
You have not taken this quiz